| 000 | 00709nam a2200253Ia 4500 | ||
|---|---|---|---|
| 003 | OSt | ||
| 005 | 20220918184620.0 | ||
| 006 | a|||||r|||| 00| 0 | ||
| 007 | ta | ||
| 008 | 220917b |||||||| |||| 00| 0 eng d | ||
| 024 | _a47,339 | ||
| 037 | _cTextual | ||
| 040 |
_aARTS _cARTS _beng |
||
| 041 |
_2eng _aeng |
||
| 082 | _aP.2faN7, M1 (BB) | ||
| 100 |
_aNil Laxmi Shankar _966196 |
||
| 245 | 0 | _aLingusustic studies | |
| 260 |
_aBhopal _bPub Division Council Of Oriental Research _c1981 |
||
| 300 |
_a134p. _ccm. |
||
| 650 | _aLINGUISTICS | ||
| 700 |
_a Hamid Husain A _966197 |
||
| 942 |
_hP.2faN7, M1 (BB) _cTEXL _2CC |
||
| 999 |
_c177198 _d177198 |
||